000 00291nam a22001337a 4500
008 170227b xxu||||| |||| 00| 0 eng d
020 _a0683071513
041 _aeng
080 _a617
100 _a5
101 _aSHK
245 _aNEUROSURGICAL CRITICAL CARE
_cWIRTH, F.P
942 _2udc
_cBK
999 _c6291
_d6291